Welcome to CU Library Online Public Access Catalogue (OPAC)

Everything for sale : (Record no. 5579)

MARC details
000 -LEADER
fixed length control field 00926cam a2200265 a 4500
001 - CONTROL NUMBER
control field 3997972
005 - DATE AND TIME OF LATEST TRANSACTION
control field 20250428155325.0
008 - FIXED-LENGTH DATA ELEMENTS--GENERAL INFORMATION
fixed length control field 960605s1997 nyu b 001 0 eng
020 ## - INTERNATIONAL STANDARD BOOK NUMBER
International Standard Book Number 0394583922 (alk. paper)
050 00 - LIBRARY OF CONGRESS CALL NUMBER
Classification number HC106.82
Item number .K87 1997
082 00 - DEWEY DECIMAL CLASSIFICATION NUMBER
Classification number 338.973
Edition information 20
100 1# - MAIN ENTRY--PERSONAL NAME
Personal name Kuttner, Robert.
245 10 - TITLE STATEMENT
Title Everything for sale :
Remainder of title the virtues and limits of markets /
Statement of responsibility, etc. Robert Kuttner.
250 ## - EDITION STATEMENT
Edition statement 1st ed.
260 ## - PUBLICATION, DISTRIBUTION, ETC.
Place of publication, distribution, etc. New York :
Name of publisher, distributor, etc. Alfred A. Knopf,
Date of publication, distribution, etc. 1997.
300 ## - PHYSICAL DESCRIPTION
Extent xvi, 410 p. ;
Dimensions 25 cm.
500 ## - GENERAL NOTE
General note "A Twentieth Century Fund book."
650 #0 - SUBJECT ADDED ENTRY--TOPICAL TERM
Topical term or geographic name entry element Industrial policy
Geographic subdivision United States.
650 #0 - SUBJECT ADDED ENTRY--TOPICAL TERM
Topical term or geographic name entry element Environmental policy
Geographic subdivision United States.
650 #0 - SUBJECT ADDED ENTRY--TOPICAL TERM
Topical term or geographic name entry element Full employment policies
Geographic subdivision United States.
650 #0 - SUBJECT ADDED ENTRY--TOPICAL TERM
Topical term or geographic name entry element Capitalism
Geographic subdivision United States.
650 #0 - SUBJECT ADDED ENTRY--TOPICAL TERM
Topical term or geographic name entry element Free enterprise
Geographic subdivision United States.
856 42 - ELECTRONIC LOCATION AND ACCESS
Materials specified Publisher description
Uniform Resource Identifier <a href="http://www.loc.gov/catdir/description/random044/96021010.html">http://www.loc.gov/catdir/description/random044/96021010.html</a>
942 ## - ADDED ENTRY ELEMENTS (KOHA)
Source of classification or shelving scheme Library of Congress Classification
Koha item type Books
Suppress in OPAC No
999 ## -
-- 5579
-- 5579
Holdings
Withdrawn status Lost status Source of classification or shelving scheme Damaged status Not for loan Collection Home library Current library Shelving location Date acquired Total checkouts Full call number Barcode Date last seen Copy number Price effective from Koha item type
    Library of Congress Classification     Non-fiction Undergraduate Library (Christ Temple) Undergraduate Library (Christ Temple) General stacks 04/28/2025   HC106.B2 KUT ulct00002173 04/28/2025 1 04/28/2025 Books
© 2023-2024 Copyright: Central University Libraries. All Rights Reserved | Created by: Mahone Tech Office